| 000 | 00753nam a22002297a 4500 | ||
|---|---|---|---|
| 999 |
_c6993 _d6993 |
||
| 001 | 6993 | ||
| 003 | BD-JhCC | ||
| 005 | 20180208182147.0 | ||
| 008 | 180203b xxu||||| |||| 00| 0 eng d | ||
| 035 | _a(BD-JhCC)6993 | ||
| 040 |
_aBD-JhCC _dBD-JhCC |
||
| 041 | _aBen | ||
| 082 |
_a930 _bSEN 1377 |
||
| 100 | _aসেন, সত্যেন | ||
| 245 |
_aমানব সভ্যতার উষা - লগ্নে / _cসত্যেন সেন, আসাহাবুর রহমান |
||
| 260 |
_aঢাকা : _bখান ব্রাদার্স এন্ড কোঃ, _c1377. |
||
| 300 |
_a162 p. : _c22 cm. |
||
| 650 | _aCivilizatiom | ||
| 700 | _a রহমান, আসাহাবুর | ||
| 942 |
_2ddc _cBK |
||